[Event "Dutch"]
[Site "SchemingMind.com"]
[Date "2006.07.29"]
[Round "-"]
[White "unbreakable"]
[Black "MatdeInverses"]
[Result "1-0"]
[WhiteCountry "FRA"]
[BlackCountry "USA"]
[WhiteElo "1833"]
[WhiteRD "96"]
[BlackElo "1714"]
[BlackRD "56"]
[GameID "61613"]

1. d4 f5 2. e4 fxe4 3. Nc3 Nf6 4. Bg5 d5 5. Bxf6 exf6 6. Qh5+ g6 7. Qxd5 Qe7 8. Qxe4 Nc6 9. Qxe7+ Bxe7 10. Bb5 Bd7
11. d5 Ne5 12. h3 Bxb5 13. Nxb5 O-O-O 14. O-O-O a6 15. Nc3 Bb4 16. Nge2 Rhe8 17. a3 Bf8 18. Rhe1
1-0

[Event "Dutch"]
[Site "SchemingMind.com"]
[Date "2006.07.30"]
[Round "-"]
[White "iain"]
[Black "MatdeInverses"]
[Result "0-1"]
[WhiteCountry "USA"]
[BlackCountry "USA"]
[WhiteElo "1376"]
[WhiteRD "56"]
[BlackElo "2016"]
[BlackRD "45"]
[GameID "61642"]

1. d4 f5 2. Nf3 Nf6 3. e3 g6 4. Be2 Bg7 5. O-O O-O 6. c4 d6 7. Nc3 c6 8. Re1 Nbd7 9. b4 e5 10. d5 Qe7
11. Qd2 a5 12. dxc6 bxc6 13. bxa5 Nc5 14. Qb2 Rxa5 15. Bd2 Ra8 16. a4 Nxa4 17. Nxa4 Ne4 18. Bd3 Nxd2 19. Nxd2 e4 20. Bxe4 Bxb2
21. Nxb2 Rxa1 22. Rxa1 fxe4 23. Na4 Rxf2 24. Kxf2 Qf6+ 25. Kg3 Qxa1 26. Nb6 Qe1+ 27. Kf4 Qh4+ 28. g4 Qxg4#
0-1

[Event "Dutch"]
[Site "SchemingMind.com"]
[Date "2006.07.30"]
[Round "-"]
[White "iain"]
[Black "unbreakable"]
[Result "0-1"]
[WhiteCountry "USA"]
[BlackCountry "FRA"]
[WhiteElo "1395"]
[WhiteRD "54"]
[BlackElo "1736"]
[BlackRD "111"]
[GameID "61643"]

1. d4 f5 2. Nf3 Nf6 3. c4 e6 4. e3 b6 5. Nc3 Bb4 6. Be2 Bb7 7. O-O Bxc3 8. bxc3 O-O 9. Ne5 d6 10. Nd3 Ne4
11. Qb3 Nd7 12. Nf4 Qe7 13. d5 Ndc5 14. Qb4 a5 15. Qb2 e5 16. Ne6 Nxe6 17. dxe6 Qxe6 18. f3 Nc5 19. a4 Rae8 20. Bd2 f4
21. exf4 exf4 22. Rfe1 Qg6 23. Bf1 Bxf3 24. Rxe8 Rxe8 25. Re1 Rxe1 26. Bxe1 Nxa4 27. Qf2 Bb7 28. Qxf4 Nc5 29. g3 Qe4 30. Qxe4 Bxe4
31. Kf2 Kf7 32. Ke3 Bb7 33. Kd2 Ke6 34. Bh3+ Ke5 35. Ke3 a4 36. Kd2 Be4 37. Kc1 Nd3+ 38. Kd2 Nxe1 39. Kxe1 a3
0-1

[Event "Dutch"]
[Site "SchemingMind.com"]
[Date "2006.07.30"]
[Round "-"]
[White "MatdeInverses"]
[Black "iain"]
[Result "1-0"]
[WhiteCountry "USA"]
[BlackCountry "USA"]
[WhiteElo "2016"]
[WhiteRD "45"]
[BlackElo "1376"]
[BlackRD "56"]
[GameID "61644"]

1. d4 f5 2. e4 fxe4 3. Nc3 Nf6 4. f3 d5 5. Bg5 h6 6. Be3 exf3 7. Nxf3 Nc6 8. Bd3 Bg4 9. Bg6+ Kd7 10. h3 Bxf3
11. Qxf3 e6 12. O-O Qe7 13. Rae1 Rd8 14. Ne2 e5 15. Bf5+ Kd6 16. Bf4 Nxd4 17. Nxd4 Kc5 18. Bxe5 Ne4 19. Bxe4 c6 20. Bf5 Rg8
21. Qa3+ Kb6 22. Qe3 c5 23. Qb3+
1-0

[Event "Dutch"]
[Site "SchemingMind.com"]
[Date "2006.07.30"]
[Round "-"]
[White "unbreakable"]
[Black "iain"]
[Result "1-0"]
[WhiteCountry "FRA"]
[BlackCountry "USA"]
[WhiteElo "1736"]
[WhiteRD "111"]
[BlackElo "1395"]
[BlackRD "54"]
[GameID "61645"]

1. d4 f5 2. Nc3 Nf6 3. Bg5 e6 4. e4 d6 5. Bd3 Be7 6. exf5 O-O 7. fxe6 Bxe6 8. Nge2 h6 9. Bxf6 Bxf6 10. O-O c5
11. d5 Bg4 12. f3 Bd7 13. Ng3 Qb6 14. Kh1 Na6 15. Qd2 Nc7 16. Nce4 Nxd5 17. Bc4 Qxb2 18. Bxd5+ Kh7 19. Nxf6+ Qxf6 20. Ne4 Qe5
21. Bxb7 Rab8 22. Nxd6 g5 23. Be4+ Kg7 24. Nc4 Qf4 25. Qxd7+ Rf7 26. Qd3 Rh8 27. Qc3+ Qf6 28. Qxf6+ Rxf6 29. Rab1 Rd8 30. Rb7+ Rf7
31. Rxf7+ Kxf7 32. Bd3 h5 33. h3 a6 34. Rd1
1-0

[Event "Dutch"]
[Site "SchemingMind.com"]
[Date "2006.07.30"]
[Round "-"]
[White "mart_r3000"]
[Black "iain"]
[Result "1-0"]
[WhiteCountry "ENG"]
[BlackCountry "USA"]
[WhiteElo "1319"]
[WhiteRD "55"]
[BlackElo "1400"]
[BlackRD "54"]
[GameID "61674"]

1. d4 f5 2. g3 e6 3. Nf3 Nf6 4. c3 Be7 5. Ne5 Nc6 6. f3 d6 7. Nxc6 bxc6 8. e3 O-O 9. Bc4 d5 10. Bd3 Nd7
11. e4 fxe4 12. fxe4 e5 13. Qg4 Nc5 14. Qe2 Nxd3+ 15. Qxd3 dxe4 16. Qxe4 Bb7 17. Qg4 g6 18. h4 exd4 19. h5 Bc8 20. Qe4 g5
21. h6 Bf5 22. Qe5 dxc3 23. Qg7#
1-0

[Event "Dutch"]
[Site "SchemingMind.com"]
[Date "2006.07.30"]
[Round "-"]
[White "mart_r3000"]
[Black "MatdeInverses"]
[Result "0-1"]
[WhiteCountry "ENG"]
[BlackCountry "USA"]
[WhiteElo "1319"]
[WhiteRD "55"]
[BlackElo "2054"]
[BlackRD "51"]
[GameID "61675"]

1. d4 f5 2. g3 Nf6 3. Nc3 d5 4. Nf3 e6 5. Bg5 c6 6. Bh3 Nbd7 7. O-O h6 8. Bd2 g5 9. Bg2 Bg7 10. h3 O-O
11. Ne5 Nxe5 12. dxe5 Ne4 13. e3 Bxe5 14. f4 Bg7 15. Ne2 Bxb2 16. Rb1 Bg7 17. Bb4 Rf7 18. Bf3 e5 19. Bh5 exf4 20. gxf4 Be6
21. Nd4 Qd7 22. Bxf7+ Qxf7 23. Nxe6 Qxe6 24. Qf3 g4 25. hxg4 fxg4 26. f5 gxf3 27. fxe6 f2+ 28. Kg2 Re8 29. e7 Bf6 30. Rh1 Bxe7
31. Bxe7 Rxe7 32. Rxh6 Nd2 33. Rbh1 f1=Q+ 34. Rxf1 Nxf1 35. Kxf1 Rxe3 36. a4 Rc3 37. Rh2 Rc4 38. Re2 Kf7 39. Re1 Rxa4
0-1

[Event "Dutch"]
[Site "SchemingMind.com"]
[Date "2006.07.30"]
[Round "-"]
[White "mart_r3000"]
[Black "unbreakable"]
[Result "0-1"]
[WhiteCountry "ENG"]
[BlackCountry "FRA"]
[WhiteElo "1319"]
[WhiteRD "55"]
[BlackElo "1613"]
[BlackRD "138"]
[GameID "61676"]

1. d4 f5 2. g3 Nf6 3. Nc3 e6 4. Nf3 Bb4 5. a3 Bxc3+ 6. bxc3 O-O 7. Bg5 Nc6 8. Qd2 d6 9. O-O-O h6 10. Be3 Ne4
11. Qd3 d5 12. Nh4 Qd6 13. c4 dxc4 14. Qxc4 Qxa3+ 15. Kb1 Nc3+ 16. Qxc3 Qxc3 17. Rd3 Qb4+ 18. Kc1 a5 19. Nf3 a4 20. Bd2 Qd6
21. Nh4 a3 22. Bc3 b5 23. Bg2 Rb8 24. d5 Nb4 25. Rd4 Na2+ 26. Kd2 Nxc3 27. Kxc3 b4+ 28. Kd3 e5 29. Rc4 Ba6 30. e4 Qc5
31. Kd2 Bxc4
0-1

[Event "Dutch"]
[Site "SchemingMind.com"]
[Date "2006.07.30"]
[Round "-"]
[White "iain"]
[Black "mart_r3000"]
[Result "1-0"]
[WhiteCountry "USA"]
[BlackCountry "ENG"]
[WhiteElo "1400"]
[WhiteRD "54"]
[BlackElo "1319"]
[BlackRD "55"]
[GameID "61677"]

1. d4 f5 2. c4 Nc6 3. Nf3 Nf6 4. Nc3 e6 5. e3 Bb4 6. Be2 Ne4 7. Bd2 Nxd2 8. Qxd2 O-O 9. O-O d5 10. a3 Be7
11. Ne5 Na5 12. Qc2 b6 13. Na4 Ba6 14. cxd5 Bb7 15. Nc6 Nxc6 16. dxc6 Bc8 17. b4 Rf6 18. b5 Rh6 19. Nc3 Qd6 20. g3 e5
21. dxe5 Qg6 22. Nd5 Kf8 23. Nxc7 Rb8 24. Bf3 Rh3 25. Qd3 Kg8 26. Nd5 Qe6 27. Nf4 Qxe5 28. Nxh3 a6 29. bxa6 Ra8 30. Bd5+ Kh8
31. f4 Qf6 32. c7 Bxa6 33. Bc4 Bb7 34. Ng5 Qc6 35. Nf3 Bf6 36. Rac1 Bb2 37. Rc2 Bf6 38. Bd5 Qd7 39. Bxb7 Qe8 40. Bxa8
1-0

[Event "Dutch"]
[Site "SchemingMind.com"]
[Date "2006.07.30"]
[Round "-"]
[White "MatdeInverses"]
[Black "mart_r3000"]
[Result "1-0"]
[WhiteCountry "USA"]
[BlackCountry "ENG"]
[WhiteElo "2054"]
[WhiteRD "51"]
[BlackElo "1319"]
[BlackRD "55"]
[GameID "61678"]

1. d4 f5 2. e4 fxe4 3. Nc3 Nf6 4. f3 d5 5. Bg5 h6 6. Be3 e6 7. fxe4 dxe4 8. Be2 Bb4 9. Bh5+ Nxh5 10. Qxh5+ Kf8
11. Ne2 Nd7 12. O-O+ Nf6 13. Nxe4 Ke7 14. Qg6 Rg8 15. Nxf6 gxf6 16. Qxf6+ Kd6 17. Qe5+ Kd7 18. d5 Ke8 19. dxe6 Bd6 20. Qh5+ Ke7
21. Qf7#
1-0

[Event "Dutch"]
[Site "SchemingMind.com"]
[Date "2006.07.30"]
[Round "-"]
[White "unbreakable"]
[Black "mart_r3000"]
[Result "1-0"]
[WhiteCountry "FRA"]
[BlackCountry "ENG"]
[WhiteElo "1613"]
[WhiteRD "138"]
[BlackElo "1319"]
[BlackRD "55"]
[GameID "61679"]

1. d4 f5 2. e4 fxe4 3. Nc3 Nf6 4. Bg5 h6 5. Bxf6 exf6 6. Qh5+ Ke7 7. Nd5+ Kd6 8. c4 c5 9. dxc5+ Kc6 10. b4 b5
11. cxb5+ Kb7 12. O-O-O d6 13. c6+ Nxc6 14. bxc6+ Kxc6 15. Ne2 Be6 16. Nd4+ Kb7 17. Nxe6 Qd7 18. Ndc7 Rc8 19. Nc5+ Kc6 20. Nxd7 Kxd7
21. Qf7+ Kc6 22. Bb5+ Kb6 23. Qd5 Rxc7+ 24. Kb1 g5 25. a4 a5 26. bxa5+ Kxa5 27. Qa8+ Kb4 28. Rd4+ Ka3 29. Qa5 d5 30. Qxc7 Bb4
31. Qc1+
1-0

[Event "Dutch"]
[Site "SchemingMind.com"]
[Date "2006.08.02"]
[Round "-"]
[White "Louis Lima"]
[Black "iain"]
[Result "1/2-1/2"]
[WhiteCountry "ESP"]
[BlackCountry "USA"]
[WhiteElo "1703"]
[WhiteRD "61"]
[BlackElo "1400"]
[BlackRD "54"]
[GameID "61952"]

1. d4 f5 2. c4 Nf6 3. Nc3 e6 4. Bg5 Be7 5. Bxf6 Bxf6 6. e4 fxe4 7. Nxe4 O-O 8. Nf3 d5 9. Nxf6+ Qxf6 10. Be2 dxc4
11. Bxc4 Nc6 12. O-O a6 13. d5 exd5 14. Bxd5+ Kh8 15. Bxc6 Qxc6 16. Ne5 Qf6 17. Nd7 Bxd7 18. Qxd7 Qxb2 19. Qxc7 Rxf2 20. Qg3 Rxf1+
21. Rxf1 Qxa2 22. Qc7 Qa3 23. Qxb7 Rf8 24. Rxf8+ Qxf8 25. Qxa6 Qc5+ 26. Kf1 h6 27. Qa8+= Kh7 28. Qe4+ Kg8=
1/2-1/2

[Event "Dutch"]
[Site "SchemingMind.com"]
[Date "2006.08.02"]
[Round "-"]
[White "Louis Lima"]
[Black "MatdeInverses"]
[Result "1-0"]
[WhiteCountry "ESP"]
[BlackCountry "USA"]
[WhiteElo "1657"]
[WhiteRD "49"]
[BlackElo "1871"]
[BlackRD "53"]
[GameID "61953"]

1. d4 f5 2. c4 Nf6 3. Nc3 d6 4. Bg5 e6 5. e4 fxe4 6. Nxe4 Be7 7. Bd3 Nxe4 8. Bxe7 Qxe7 9. Bxe4 Nd7 10. Qh5+ Kd8
11. Qe2 Nf6 12. Nf3 d5 13. Bd3
1-0

[Event "Dutch"]
[Site "SchemingMind.com"]
[Date "2006.08.02"]
[Round "-"]
[White "Louis Lima"]
[Black "mart_r3000"]
[Result "1-0"]
[WhiteCountry "ESP"]
[BlackCountry "ENG"]
[WhiteElo "1703"]
[WhiteRD "61"]
[BlackElo "1319"]
[BlackRD "55"]
[GameID "61954"]

1. d4 f5 2. Nc3 Nc6 3. e4 e6 4. exf5 e5 5. dxe5 Nxe5 6. Qh5+ g6 7. fxg6 Ne7 8. g7+ Nf7 9. gxh8=Q Ng6 10. Q8xh7 Qf6
11. Q7xg6 Qe7+ 12. Be2 b6 13. Bg5 Qe5 14. Qxf7#
1-0

[Event "Dutch"]
[Site "SchemingMind.com"]
[Date "2006.08.02"]
[Round "-"]
[White "Louis Lima"]
[Black "unbreakable"]
[Result "0-1"]
[WhiteCountry "ESP"]
[BlackCountry "FRA"]
[WhiteElo "1657"]
[WhiteRD "49"]
[BlackElo "1736"]
[BlackRD "111"]
[GameID "61955"]

1. d4 f5 2. c4 Nf6 3. Nc3 e6 4. Bg5 Bb4 5. a3 Bxc3+ 6. bxc3 d6 7. Nf3 O-O 8. e3 Nc6 9. Bd3 e5 10. d5 Ne7
11. Bc2 b6 12. Ba4 h6 13. Bxf6 Rxf6 14. Bc2 f4 15. exf4 Rxf4 16. Qd3= Bf5 17. Qd2 Bxc2 18. Qxc2 Rxc4
0-1

[Event "Dutch"]
[Site "SchemingMind.com"]
[Date "2006.08.01"]
[Round "-"]
[White "MatdeInverses"]
[Black "Louis Lima"]
[Result "0-1"]
[WhiteCountry "USA"]
[BlackCountry "ESP"]
[WhiteElo "1871"]
[WhiteRD "53"]
[BlackElo "1657"]
[BlackRD "49"]
[GameID "61957"]

1. d4 f5 2. e4 fxe4 3. Nc3 Nf6 4. f3 d5 5. Bg5 Bf5 6. Qd2 e6 7. O-O-O Be7 8. Kb1 exf3 9. Nxf3 Nc6 10. Bd3 Bxd3
11. Qxd3 Qd7
0-1

[Event "Dutch"]
[Site "SchemingMind.com"]
[Date "2006.08.01"]
[Round "-"]
[White "mart_r3000"]
[Black "Louis Lima"]
[Result "0-1"]
[WhiteCountry "ENG"]
[BlackCountry "ESP"]
[WhiteElo "1319"]
[WhiteRD "55"]
[BlackElo "1703"]
[BlackRD "61"]
[GameID "61958"]

1. d4 f5 2. e4 fxe4 3. Qh5+ g6 4. Qe5 Nf6 5. Nc3 d6 6. Qb5+ c6 7. Qe2 d5 8. f3 Bf5 9. g4 exf3 10. Nxf3 Bxg4
11. Bg5 Bg7 12. O-O-O O-O 13. Qe6+ Bxe6 14. Bd3 Nbd7 15. Nh4 Ng4 16. Rhg1 Nf2 17. Rd2 Nxd3+ 18. Rxd3 Bf5 19. Re3 Nf6 20. Ne2 Qa5
21. Nxf5 gxf5 22. Rxe7 Ng4 23. h3 Rf7 24. Re6 Raf8 25. hxg4 fxg4 26. c3 Rf1+ 27. Rxf1 Rxf1+ 28. Kd2 Qxa2 29. Re8+ Rf8 30. Re6 Qxb2+
31. Ke3 a5 32. Ng3 Qxc3+ 33. Ke2 Qxg3
0-1

[Event "Dutch"]
[Site "SchemingMind.com"]
[Date "2006.08.06"]
[Round "-"]
[White "unbreakable"]
[Black "Louis Lima"]
[Result "1-0"]
[WhiteCountry "FRA"]
[BlackCountry "ESP"]
[WhiteElo "1613"]
[WhiteRD "138"]
[BlackElo "1703"]
[BlackRD "61"]
[GameID "61959"]

1. d4 f5 2. e4 fxe4 3. Nc3 Nf6 4. Bg5 b6 5. f3 exf3 6. Nxf3 Bb7 7. d5 d6 8. Nd4 Bc8 9. Bb5+ Kf7 10. O-O a6
11. Ne6 Bxe6 12. dxe6+ Kxe6 13. Rxf6+ gxf6 14. Qd5#
1-0

[Event "Dutch"]
[Site "SchemingMind.com"]
[Date "2006.08.06"]
[Round "-"]
[White "Kenny Elliott"]
[Black "Louis Lima"]
[Result "0-1"]
[WhiteCountry "USA"]
[BlackCountry "ESP"]
[WhiteElo "1497"]
[WhiteRD "72"]
[BlackElo "1657"]
[BlackRD "49"]
[GameID "62610"]

1. d4 f5 2. g3 Nf6 3. Bg2 g6 4. Nc3 Bg7 5. e3 O-O 6. Nge2 d6 7. O-O c5 8. Qd3 cxd4 9. Nxd4 Nc6 10. Nxc6 bxc6
11. Bxc6 Rb8 12. Bd5+ Nxd5 13. Nxd5 e6 14. Nc3 Qb6 15. Ne2 Bb7 16. Qa3 Qc6 17. f3 Qxc2 18. Nd4 Bxd4= 19. exd4 Bd5 20. Bh6 Rxb2
21. Qxb2 Qxb2 22. Bxf8 Kxf8 23. Rad1 Qxa2 24. Rf2 Qb3 25. Kg2 Qxd1
0-1

[Event "Dutch"]
[Site "SchemingMind.com"]
[Date "2006.08.06"]
[Round "-"]
[White "Kenny Elliott"]
[Black "iain"]
[Result "1-0"]
[WhiteCountry "USA"]
[BlackCountry "USA"]
[WhiteElo "1511"]
[WhiteRD "78"]
[BlackElo "1400"]
[BlackRD "54"]
[GameID "62611"]

1. d4 f5 2. g3 Nf6 3. Bg2 d5 4. Nc3 Nc6 5. Bg5 e6 6. Nf3 Bd7 7. O-O Qe7 8. a3 O-O-O 9. Ne5 h6 10. Bxf6 Qxf6
11. Nxc6 Bxc6 12. b4 e5 13. b5 exd4 14. bxc6 dxc3 15. cxb7+ Kxb7 16. Rb1+ Kc8 17. Bxd5 Bd6 18. Rb7 Bxa3 19. Qb1 Bb2 20. Bg2 c6
21. Rxa7 Kb8 22. Qa2 Rc8 23. Ra8+ Kc7 24. Qa7+ Kd6 25. Rd1+ Ke5 26. f4+ Ke6 27. Qd7#
1-0

[Event "Dutch"]
[Site "SchemingMind.com"]
[Date "2006.08.06"]
[Round "-"]
[White "Kenny Elliott"]
[Black "MatdeInverses"]
[Result "1-0"]
[WhiteCountry "USA"]
[BlackCountry "USA"]
[WhiteElo "1525"]
[WhiteRD "69"]
[BlackElo "1714"]
[BlackRD "56"]
[GameID "62612"]

1. d4 f5 2. g3 Nf6 3. Bg2 e6 4. Bg5 Bb4+ 5. c3 Be7 6. Qb3 d5 7. Nd2 O-O 8. Ngf3 Nbd7 9. O-O c5 10. c4 Nb6
11. e3 cxd4 12. exd4 Ne4 13. Nxe4 fxe4 14. Bxe7 Qxe7 15. cxd5 exf3 16. Bxf3 exd5 17. Rae1 Qd6 18. Re5 Be6 19. Rfe1 Bf7 20. a4 Rab8
21. Qb5 a6 22. Qd3 Nc4 23. R5e2 Bg6 24. Qb3 b5 25. Qa2 Rxf3 26. b3 Nb6 27. a5
1-0

[Event "Dutch"]
[Site "SchemingMind.com"]
[Date "2006.08.06"]
[Round "-"]
[White "Kenny Elliott"]
[Black "mart_r3000"]
[Result "1-0"]
[WhiteCountry "USA"]
[BlackCountry "ENG"]
[WhiteElo "1511"]
[WhiteRD "78"]
[BlackElo "1319"]
[BlackRD "55"]
[GameID "62613"]

1. d4 f5 2. Nf3 Nc6 3. d5 Nb4 4. Bd2 Nxd5 5. Nc3 Ngf6 6. Nxd5 Nxd5 7. c4 Nf6 8. g3 e6 9. Bg2 Bc5 10. O-O b6
11. Ne5 Rb8 12. Bc3 O-O 13. b4 Be7 14. a4 Ng4 15. Nxg4 d6 16. Qd4 Kf7 17. Qxg7+ Ke8 18. Bc6+ Bd7 19. Bxd7+ Kxd7 20. Qxh7 Kc8
21. Qg7 Kb7 22. Ne3 f4 23. Nc2 e5 24. Bxe5 Rg8 25. Qh7 dxe5 26. Qe4+ c6 27. Qxe5 Bd6 28. Qe4 Qh4 29. Rfd1 Rxg3+ 30. fxg3 Qh3
31. Rxd6 Rh8 32. Rd7+ Ka6 33. b5+ Ka5 34. Rxa7#
1-0

[Event "Dutch"]
[Site "SchemingMind.com"]
[Date "2006.08.06"]
[Round "-"]
[White "Kenny Elliott"]
[Black "unbreakable"]
[Result "0-1"]
[WhiteCountry "USA"]
[BlackCountry "FRA"]
[WhiteElo "1497"]
[WhiteRD "72"]
[BlackElo "1736"]
[BlackRD "111"]
[GameID "62614"]

1. d4 f5 2. Nf3 Nf6 3. Bg5 Ne4 4. Nbd2 Nxg5 5. Nxg5 e5 6. Ngf3 e4 7. Ne5 d6 8. Nec4 g6 9. e3 Bg7 10. Be2 O-O
11. O-O Nc6 12. Nb3 Qh4 13. Ncd2 g5 14. Bc4+ Kh8 15. Bd5 Ne7 16. g3 Qh3 17. Bxe4 fxe4 18. Nxe4 h6 19. Qd3 Bf5 20. Nbd2 d5
21. Rab1 dxe4 22. Nxe4 Rae8 23. f3 Nd5 24. Qb3 c6 25. Nf2 Rxe3 26. Qxb7 Qh5 27. g4 Qf7 28. Qxf7 Rxf7 29. gxf5 Rxf5 30. c3 Rexf3
31. Kg2 Ne3+ 32. Kg1 Nxf1 33. Rxf1 Kg8 34. a4 a5 35. Kg2 Kf7
0-1

[Event "Dutch"]
[Site "SchemingMind.com"]
[Date "2006.08.06"]
[Round "-"]
[White "Louis Lima"]
[Black "Kenny Elliott"]
[Result "1-0"]
[WhiteCountry "ESP"]
[BlackCountry "USA"]
[WhiteElo "1657"]
[WhiteRD "49"]
[BlackElo "1497"]
[BlackRD "72"]
[GameID "62615"]

1. d4 f5 2. Nc3 d5 3. Nf3 e6 4. Bg5 Be7 5. Bxe7 Nxe7 6. e3 O-O 7. Ne5 Nd7 8. f4 Nxe5 9. dxe5 b6 10. Be2 Bb7
11. O-O Ng6 12. Nb5 Bc6 13. Nd4 Be8 14. Nxe6 Qe7 15. Nxf8 Qxf8 16. Qxd5+ Bf7 17. Qd7 c5 18. e6 Rd8 19. exf7+
1-0

[Event "Dutch"]
[Site "SchemingMind.com"]
[Date "2006.08.06"]
[Round "-"]
[White "iain"]
[Black "Kenny Elliott"]
[Result "1-0"]
[WhiteCountry "USA"]
[BlackCountry "USA"]
[WhiteElo "1395"]
[WhiteRD "54"]
[BlackElo "1497"]
[BlackRD "72"]
[GameID "62616"]

1. d4 f5 2. c4 Nf6 3. Nc3 Nc6 4. Nf3 e6 5. e3 Bb4 6. Bd2 O-O 7. Be2 d5 8. O-O a6 9. a3 Bxc3 10. Bxc3 Ne4
11. cxd5 exd5 12. Ne5 Nxc3 13. bxc3 Nxe5 14. dxe5 c6 15. c4 Qg5 16. f4 Qe7 17. cxd5 cxd5 18. Qxd5+ Be6 19. Qd4 Rad8 20. Qb4 Qxb4
21. axb4 Rd2 22. Bf3 Bd5 23. Bxd5+ Rxd5 24. Rfd1 Rxd1+ 25. Rxd1 Rc8 26. Rd5 Rc1+ 27. Kf2 Rc2+ 28. Kf3 Rb2 29. Rd8+ Kf7 30. Rd7+ Ke8
31. Rxb7 Kf8 32. e6 h5 33. e7+ Ke8 34. h3 a5 35. g4 a4 36. gxf5 a3 37. Ra7 a2 38. b5 Rxb5 39. Rxa2 Kxe7 40. Ra7+ Kf8
41. h4 Rxf5 42. e4 Rf7 43. Rxf7+ Kxf7 44. f5 g6 45. Kf4 Kg7 46. e5 gxf5 47. Kxf5 Kf7 48. Kg5 Ke6 49. Kxh5 Kxe5 50. Kg6 Ke6
51. Kg7 Ke7 52. h5
1-0

[Event "Dutch"]
[Site "SchemingMind.com"]
[Date "2006.08.06"]
[Round "-"]
[White "MatdeInverses"]
[Black "Kenny Elliott"]
[Result "1-0"]
[WhiteCountry "USA"]
[BlackCountry "USA"]
[WhiteElo "2054"]
[WhiteRD "51"]
[BlackElo "1511"]
[BlackRD "78"]
[GameID "62617"]

1. d4 f5 2. e4 fxe4 3. Nc3 d5 4. f3 exf3 5. Nxf3 Bg4 6. h3 Bxf3 7. Qxf3 Nf6 8. Bd3 Nc6 9. Be3 g6 10. O-O Qd7
11. Rae1 O-O-O 12. Bb5 a6 13. Ba4 b5 14. Nxb5 axb5 15. Bxb5 e6 16. Qxf6 Kb7 17. Qxh8 Bd6 18. Qf6 Qc8 19. Bg5 Rf8 20. Qxe6 Rxf1+
21. Kxf1 Qf8+ 22. Qf6 Qxf6+ 23. Bxf6
1-0

[Event "Dutch"]
[Site "SchemingMind.com"]
[Date "2006.08.06"]
[Round "-"]
[White "mart_r3000"]
[Black "Kenny Elliott"]
[Result "0-1"]
[WhiteCountry "ENG"]
[BlackCountry "USA"]
[WhiteElo "1319"]
[WhiteRD "55"]
[BlackElo "1511"]
[BlackRD "78"]
[GameID "62618"]

1. d4 f5 2. Nf3 Nf6 3. Nc3 d5 4. Ne5 e6 5. Bg5 Be7 6. e3 O-O 7. Bxf6 Bxf6 8. Qh5 Bxe5 9. dxe5 Nc6 10. O-O-O Nxe5
11. e4 g6 12. Qh6 fxe4 13. f4 Ng4 14. Qh3 Nf2 15. Rg1 Nxh3 16. gxh3 Rxf4 17. Bc4 Qh4 18. Bf1 Rf2 19. Rg4 Qh6+ 20. Kb1 e5
21. Nxd5 Bxg4 22. hxg4 Qxh2 23. Nf6+ Kg7 24. Nxe4 Rxc2 25. Rd7+ Kh6 26. g5+ Kh5 27. Rxh7+ Kg4 28. Rxh2 Rxh2 29. a4 Rf8 30. Bc4 Rf4
31. Be6+ Kh5 32. Bd5 c6 33. Be6 Rxe4 34. Bb3 Re3
0-1

[Event "Dutch"]
[Site "SchemingMind.com"]
[Date "2006.08.06"]
[Round "-"]
[White "unbreakable"]
[Black "Kenny Elliott"]
[Result "0-1"]
[WhiteCountry "FRA"]
[BlackCountry "USA"]
[WhiteElo "1613"]
[WhiteRD "138"]
[BlackElo "1511"]
[BlackRD "78"]
[GameID "62619"]

1. d4 f5 2. e4 fxe4 3. Nc3 d5 4. Qh5+ g6 5. Qxd5 Bd7 6. Qxe4 Nf6 7. Qxb7 Nc6 8. Be3 Rb8 9. Qa6 Rxb2 10. Bd3 Nb4
11. Qxa7 Rxc2 12. Nf3 Nxd3+ 13. Kf1 Rxc3
0-1

[Event "Dutch"]
[Site "SchemingMind.com"]
[Date "2006.08.17"]
[Round "-"]
[White "Tipperary"]
[Black "Kenny Elliott"]
[Result "0-1"]
[WhiteCountry "IRL"]
[BlackCountry "USA"]
[WhiteElo "1286"]
[WhiteRD "71"]
[BlackElo "1514"]
[BlackRD "69"]
[GameID "62954"]

1. d4 f5 2. Nh3 Nc6 3. e3 d5 4. Na3 e5 5. c3 Bxa3 6. bxa3 Nf6 7. Bb5 Bd7 8. Bxc6 Bxc6 9. dxe5 Ne4 10. O-O O-O
11. Nf4 Nxc3 12. Ne6 Nxd1 13. Nxd8 Raxd8 14. Rxd1 Ba4 15. Rd2 c5 16. Bb2 c4 17. f4 Rd7 18. Bc3 Rfd8 19. Bb4 d4 20. Bc5 c3
21. Rxd4 Rxd4 22. Bxd4 c2 23. Rc1 Rd5 24. e6 Rb5 25. e4 Rb1 26. Be3 fxe4 27. g4 Rb2 28. h4 Rxa2 29. f5 Rxa3 30. Kf2 Rd3
31. g5 Rd1 32. e7 Rxc1 33. Bxc1 Kf7 34. Ke3 Kxe7 35. Kxe4 a5 36. Ke5 Bb3 37. h5 a4 38. Ba3+ Kf7 39. Kd4 g6 40. hxg6+ hxg6
41. f6 b5 42. Kc3 Ke6 43. Kb4 Kf5 44. Kxb5 Kxg5 45. f7 Bxf7 46. Kxa4 Kg4 47. Kb4 g5 48. Kc3 Bg6 49. Bc1 Kh4 50. Be3 g4
51. Kd2 Kg3 52. Kc1 Kf3 53. Bd4 g3 54. Kd2 g2 55. Kc1 Ke2 56. Bg1 Kf1 57. Be3 g1=Q 58. Bxg1 Kxg1
0-1

[Event "Dutch"]
[Site "SchemingMind.com"]
[Date "2006.08.17"]
[Round "-"]
[White "Tipperary"]
[Black "mart_r3000"]
[Result "0-1"]
[WhiteCountry "IRL"]
[BlackCountry "ENG"]
[WhiteElo "1397"]
[WhiteRD "70"]
[BlackElo "1319"]
[BlackRD "55"]
[GameID "62958"]

1. d4 f5 2. e4 e5 3. exf5 Qf6 4. Qh5+ g6 5. fxg6 Kd8 6. Bg5 c6 7. Bxf6+ Nxf6 8. Qxe5 Be7 9. Nh3 Re8 10. Qa5+ b6
11. Qf5 d5 12. Qf3 Bb4+ 13. Kd1 Re1#
0-1

[Event "Dutch"]
[Site "SchemingMind.com"]
[Date "2006.08.09"]
[Round "-"]
[White "Kenny Elliott"]
[Black "Tipperary"]
[Result "1-0"]
[WhiteCountry "USA"]
[BlackCountry "IRL"]
[WhiteElo "1525"]
[WhiteRD "69"]
[BlackElo "1327"]
[BlackRD "67"]
[GameID "62960"]

1. d4 f5 2. c4 c5 3. dxc5 Qa5+ 4. Nc3 Qxc5 5. e3 e6 6. Bd3 Nf6 7. Nf3 f4 8. h3 d5 9. cxd5 fxe3 10. Bxe3 Qb4
11. O-O exd5 12. Re1 Nc6 13. Bc5+ Ne4 14. Bxb4 Bxb4 15. Bxe4 dxe4 16. Rxe4+ Ne7 17. Qa4+ Bd7 18. Qxb4 O-O-O 19. Rxe7 Rhe8 20. Qc5+ Bc6
21. Rxe8
1-0

[Event "Dutch"]
[Site "SchemingMind.com"]
[Date "2006.08.09"]
[Round "-"]
[White "Louis Lima"]
[Black "Tipperary"]
[Result "1-0"]
[WhiteCountry "ESP"]
[BlackCountry "IRL"]
[WhiteElo "1657"]
[WhiteRD "49"]
[BlackElo "1365"]
[BlackRD "67"]
[GameID "62961"]

1. d4 f5 2. Nf3 Nf6 3. Nc3 c6 4. Bg5 d6 5. e3 h6 6. Bxf6 exf6 7. Bd3 d5 8. Nh4 Bb4 9. Qh5+ Kf8 10. Ng6+ Kg8
11. Nxh8 Kxh8 12. Bxf5
1-0

[Event "Dutch"]
[Site "SchemingMind.com"]
[Date "2006.08.09"]
[Round "-"]
[White "iain"]
[Black "Tipperary"]
[Result "1-0"]
[WhiteCountry "USA"]
[BlackCountry "IRL"]
[WhiteElo "1449"]
[WhiteRD "57"]
[BlackElo "1327"]
[BlackRD "67"]
[GameID "62962"]

1. d4 f5 2. c4 e6 3. Nc3 c6 4. Nf3 d5 5. e3 b5 6. cxb5 cxb5 7. Bxb5+ Bd7 8. Bxd7+ Nxd7 9. O-O Nb6 10. Ne5 g6
11. a3 Nh6 12. Nb5 Qe7 13. Nc6 Qd7 14. Nbxa7 Rxa7 15. Nxa7 Qxa7 16. Qd3 Nc4 17. f3 Bb4 18. Bd2 Bxd2 19. b3 Bxe3+ 20. Kh1 Nd2
21. Qxe3 Nxf1 22. Qxe6+ Qe7 23. Qc8+
1-0

[Event "Dutch"]
[Site "SchemingMind.com"]
[Date "2006.08.09"]
[Round "-"]
[White "mart_r3000"]
[Black "Tipperary"]
[Result "1-0"]
[WhiteCountry "ENG"]
[BlackCountry "IRL"]
[WhiteElo "1319"]
[WhiteRD "55"]
[BlackElo "1397"]
[BlackRD "70"]
[GameID "62964"]

1. d4 f5 2. Nf3 d6 3. e4 Na6 4. e5 d5 5. Ng5 e6 6. Bb5+ Bd7 7. Bd3 Be7 8. h4 h5 9. Qf3 c6 10. g4 hxg4
11. Qg3 f4 12. Qxf4 Bxg5 13. Bg6+ Ke7 14. Qf7#
1-0